000 01164nam a2200373 a 4500
001 dia_134
003 CHAP
005 20231108111338.0
007 ta
008 220117s1980 mx d fr 001 0 spa d
010 _a170565
020 _a968-26-0151-7
040 _cCHAP
_amxchpua
050 1 _aQA276.6
_b.C62 1980
082 _a001.4222
_bC62 1980
_220
100 1 _aCochran, William G.
_9139317
_eautor
240 1 0 _aSampling techniques.
_lEspañol
245 1 0 _aTécnicas de muestreo /
_cWilliam G. Cochran ; traductor Andrés Sesttier Bouclier
250 _a2a edición
264 _aMéxico :
_bEditorial Continental,
_c1980
300 _a513 páginas :
_bgráficas
336 _2rdacontent
_atexto
_btxt
337 _2rdamedia
_asin medio
_bn
338 _2rdacarrier
_avolumen
_bnc
504 _aBibliografía: páginas 483-496
650 1 0 _aMuestreo (Estadística)
_9147320
650 1 0 _aSampling (Statistics)
_9147321
700 1 _aSesttier Bouclier, Andrés
_9147322
_etraductor
901 _a001.4222 C62 1980
902 _aM
905 _a5232271980 mx mn 8222223322spa16
942 _2ddc
942 _cLIBRO
999 _c170565
_d170565